[Event "EU-ch Hybrid U16"]
[Site "Tornelo INT"]
[Date "2021.10.15"]
[Round "7"]
[White "Davtyan, Arsen"]
[Black "Vilcu, Matei Stefan"]
[Result "1/2-1/2"]
[WhiteElo "2261"]
[BlackElo "2162"]
[PlyCount "92"]
[EventDate "2021.10.15"]
[EventType "swiss"]
[EventRounds "9"]
[EventCountry "NET"]
[SourceTitle "EXT 2023"]
[Source "ChessBase"]
[SourceDate "2022.10.05"]
[SourceVersion "1"]
[SourceVersionDate "2022.10.05"]
[SourceQuality "1"]
[WhiteTeam "Armenia"]
[BlackTeam "Romania"]
[WhiteTeamCountry "ARM"]
[BlackTeamCountry "ROU"]

1. e4 c5 2. Nf3 d6 3. d4 cxd4 4. Qxd4 Nc6 5. Qe3 Nf6 6. Be2 g6 7. 0-0 Bg7 8. h3 0-0 9. Rd1 Nd7 10. c3 a5 11. Na3 Nc5 12. Bb5 Qc7 13. Qe2 Bd7 14. Bf4 a4 15. Rd2 Na7 16. Bxd7 Nxd7 17. Rad1 Nc6 18. Rd5 Nce5 19. Nxe5 Nxe5 20. Bxe5 Bxe5 21. Nc2 Rfc8 22. a3 Ra5 23. Ne3 e6 24. Rxa5 Qxa5 25. g3 Qc5 26. Kg2 Bg7 27. Nc2 Rd8 28. Nb4 Kf8 29. Qd3 Ke7 30. Rd2 Rc8 31. Nc2 Rc6 32. Qf3 Qb5 33. Nb4 Rc8 34. Qe3 Qc5 35. Qf4 Qe5 36. Qf3 Rc4 37. Re2 Kf8 38. Nd3 Qb5 39. Qe3 d5 40. exd5 Qxd5+ 41. Qf3 Qxf3+ 42. Kxf3 Ke7 43. Ne5 Rc5 44. Nd3 Rc4 45. Ne5 Rc5 46. Nd3 Rc4 1/2-1/2

[Event "EU-ch Hybrid U16"]
[Site "Tornelo INT"]
[Date "2021.10.15"]
[Round "2"]
[White "Vilcu, Matei Stefan"]
[Black "Lutsko, Artem"]
[Result "1/2-1/2"]
[WhiteElo "2162"]
[BlackElo "2418"]
[PlyCount "57"]
[EventDate "2021.10.15"]
[EventType "swiss"]
[EventRounds "9"]
[EventCountry "NET"]
[SourceTitle "EXT 2023"]
[Source "ChessBase"]
[SourceDate "2022.10.05"]
[SourceVersion "1"]
[SourceVersionDate "2022.10.05"]
[SourceQuality "1"]
[WhiteTeam "Romania"]
[BlackTeam "Ukraine"]
[WhiteTeamCountry "ROU"]
[BlackTeamCountry "UKR"]

1. e4 g6 2. d4 Bg7 3. Nc3 d6 4. f4 Nf6 5. Nf3 0-0 6. Bd3 Nc6 7. e5 dxe5 8. dxe5 Nd5 9. Nxd5 Qxd5 10. Qe2 Bg4 11. Be4 Qa5+ 12. Bd2 Qb6 13. 0-0-0 Nd4 14. Qf1 Rad8 15. h3 Bxf3 16. Bxf3 f6 17. exf6 exf6 18. Qc4+ Kh8 19. Be3 f5 20. Bxd4 Bxd4 21. c3 Bg7 22. Kb1 c6 23. Rhe1 Qc7 24. h4 Rxd1+ 25. Rxd1 h5 26. Qe6 Qf7 27. Re1 Bf6 28. g3 Kg7 29. Qxf7+ 1/2-1/2

[Event "Arad op-A 14th"]
[Site "Arad"]
[Date "2021.08.06"]
[Round "9"]
[White "Vilcu, Matei Stefan"]
[Black "Antal, Hunor Zoltan"]
[Result "1-0"]
[WhiteElo "2127"]
[BlackElo "2070"]
[PlyCount "59"]
[EventDate "2021.07.30"]
[EventType "swiss"]
[EventRounds "9"]
[EventCountry "ROU"]
[SourceTitle "CBM 203 Extra"]
[Source "ChessBase"]
[SourceDate "2021.09.30"]
[SourceVersion "1"]
[SourceVersionDate "2021.09.30"]
[SourceQuality "1"]

1. e4 Nf6 2. e5 Nd5 3. Nc3 Nb6 4. d4 d6 5. f4 g6 6. Nf3 Bg7 7. Bd3 0-0 8. 0-0 c5 9. dxc5 dxc5 10. Be3 c4 11. Be4 Nc6 12. a4 Bf5 13. Bxf5 gxf5 14. a5 Nd7 15. Ra4 Rc8 16. Rxc4 Ndb8 17. Qa1 Qxa5 18. Ra4 Qd8 19. Rd1 Qe8 20. Bxa7 Nxa7 21. Rxa7 Qc6 22. Nd4 Qg6 23. Nd5 Rfe8 24. Rxb7 Kf8 25. Qa3 Nc6 26. Nxc6 Qxc6 27. Rxe7 Rxe7 28. Nxe7 Qc5+ 29. Qxc5 Rxc5 30. Nxf5 1-0